000 00717nam a2200193Ia 4500
003 IN-BaIIA
008 211028s9999 xx 000 0 eng d
020 _a0-8194-4632-7
040 _cIIA Library
080 _a535(082.1)
_bSPI-4853
245 0 _aInnovative telescopes and instrumentation for solar astrophysics
_cedited by Stephen L. Keil and Sergey V. Avakyan
260 _aWashington
_bThe International Society for Optical Engineering
_c2003
300 _axiv, 690p.
490 _aSPIE proceedings series; v. 4853
650 _aHeliospheric imaging
_929030
650 _aTelescopes and instruments
_929031
700 _aAvakyan, Sergey V., ed.
_929032
942 _cBK
999 _c15746
_d15746